| 000 | 00331nam a2200109Ia 4500 | ||
|---|---|---|---|
| 001 | 1265389 | ||
| 005 | 20260417142026.0 | ||
| 008 | 260417s9999 xx 000 0 und d | ||
| 020 | _a9789752895232 | ||
| 245 | 0 |
_aEfsuncu Baba / Gönül Bir Yeldeğirmenidir Sevda Öğütür _cHüseyin Rahmi Gürpınar |
|
| 260 | _bEverest Yayınları | ||
| 999 |
_c1265389 _d1265389 |
||